| 000 | 00740nam a22002057a 4500 | ||
|---|---|---|---|
| 999 |
_c13878 _d13878 |
||
| 003 | OSt | ||
| 005 | 20190506105210.0 | ||
| 008 | 190506b ||||| |||| 00| 0 eng d | ||
| 040 | _cUMDC | ||
| 082 |
_22018 _aUT 1273 _bP19 |
||
| 100 |
_aPantinople, Jannah Pearl A. _938628 |
||
| 245 |
_aEthical behavior of pedicab drivers: _bCommuter's sentiments at Zone 2, Digos City/ _cJannah Pearl A. Pantinople, Justine Shaina M. Terante and Marriz A. Josol |
||
| 260 |
_aDigos City: _bUMDC _cNovember 2018 |
||
| 300 |
_a61 pages. _c30 cm. |
||
| 650 |
_aCrimonology _vUndergraduate thesis. _938629 |
||
| 700 |
_aPantinople, Jannah Pearl A. _938628 |
||
| 700 |
_aternate, Justine Shaina M. _938630 |
||
| 700 |
_aJosol, Marriz A. _938631 |
||
| 942 |
_2ddc _cUT |
||